| 000 | 01465cam a2200277 4500 | ||
|---|---|---|---|
| 001 | ##L135666 | ||
| 002 | ##9293 | ||
| 008 | 061123n2006 000 0 eng u | ||
| 020 |
_a1403920540 _a9781403920546 |
||
| 035 | _a(Sirsi) u135666 | ||
| 041 | 0 | _aeng | |
| 050 | 0 | 4 | _a526.902462 $2 18 |
| 100 | 1 | _aUren, J. | |
| 245 | 0 | 0 | _aSurveying for engineers |
| 250 | _a4th ed. | ||
| 260 |
_aBasingstoke _bPalgrave Macmillan _c2006 |
||
| 300 |
_avi, 824p. _c24cm. |
||
| 350 | _a29.99 | ||
| 505 | 1 | _aLevelling -- Angle measurement -- Distance measurement: taping -- Total stations -- Traversing and coordinate -- Global positioning system -- GPS coordinates and transformations -- Measurements, errors and specifications -- Detail surveying and mapping -- Setting out -- Circular curves -- Transition curves -- Vertical curves -- Earthwork quantities -- Surveying calculations | |
| 520 | _aWritten primarily for students, this comprehensive text covers the basic techniques and methods required in engineering and construction surveying. Includes the latest developments in survey instruments and methods, the Global Positioning System and new technologies such as laser scanners. Each chapter provides clear aims and summaries, worked examples, exercises, web links and further reading. | ||
| 590 | _aKA | ||
| 651 | 4 |
_aUnited Kingdom _y |
|
| 690 | _aENVIRONMENTAL AND LAND CONSULTANCY-GEOMATICS-ENGINEERING SURVEYING | ||
| 700 | 1 | _aPrice, W. F. | |
| 942 | _n0 | ||
| 999 |
_c106136 _d106136 |
||